|
|
|
|
| LEADER |
00000nam0a2200000 4500 |
| 001 |
27315 |
| 005 |
20231030202128.0 |
| 010 |
|
|
|a 5279021067
|
| 035 |
|
|
|a (RuTPU)RU\TPU\book\27564
|
| 035 |
|
|
|a BOOK00027639
|
| 090 |
|
|
|a 27315
|
| 100 |
|
|
|a 20011209d2001 m y0rusy50 ca
|
| 101 |
0 |
|
|a rus
|
| 102 |
|
|
|a RU
|
| 105 |
|
|
|a a j 001zy
|
| 200 |
1 |
|
|a Бизнес-планирование
|e учебник
|f Российская экономическая академия им. Г. В. Плеханова; Под ред. В. М. Попова, С. И. Ляпунова
|
| 210 |
|
|
|a Москва
|c Финансы и статистика
|d 2001
|
| 215 |
|
|
|a 672 с.
|c ил.
|
| 320 |
|
|
|a Библиогр.: с. 668-670.
|
| 451 |
|
1 |
|0 (RuTPU)RU\TPU\book\115966
|y 5-279-02106-7
|t Бизнес-планирование
|o учебник
|f Российская экономическая академия им. Г. В. Плеханова; под ред. В. М. Попова, С. И. Ляпунова
|c М.
|n Финансы и статистика
|d 2004
|p 672 с.
|
| 451 |
|
1 |
|0 (RuTPU)RU\TPU\book\25721
|y 5-279-02106-7
|t Бизнес-планирование
|o учебник
|f В. М. Попов, С. И. Ляпунов, С. Ю. Муртузалиева и др.; Под ред. В. М. Попова и С. И. Ляпунова
|c М.
|n Финансы и статистика
|d 2000
|p 672 с.
|
| 610 |
1 |
|
|a экономика
|
| 610 |
1 |
|
|a предприятия
|
| 610 |
1 |
|
|a планирование
|
| 610 |
1 |
|
|a бизнес-планирование
|
| 610 |
1 |
|
|a корпоративное планирование
|
| 610 |
1 |
|
|a компании
|
| 610 |
1 |
|
|a реинжиниринг
|
| 610 |
1 |
|
|a бизнес-план
|
| 610 |
1 |
|
|a разработка
|
| 610 |
1 |
|
|a бизнес-проект
|
| 610 |
1 |
|
|a поддержка бизнеса
|
| 610 |
1 |
|
|a контракты сделок
|
| 610 |
1 |
|
|a консалтинг
|
| 610 |
1 |
|
|a Интернет
|
| 610 |
1 |
|
|a коммерческая безопасность
|
| 610 |
1 |
|
|a банкротство
|
| 610 |
1 |
|
|a антикризисное управление
|
| 610 |
1 |
|
|a учебники
|
| 686 |
|
|
|a У9(2)29-2я73
|v LBC/SL-A
|2 rubbk
|
| 702 |
|
1 |
|a Попов
|b В. М.
|g Вадим Михайлович
|4 340
|
| 702 |
|
1 |
|a Ляпунов
|b С. И.
|g Станислав Иосифович
|4 340
|
| 712 |
0 |
2 |
|a Российская экономическая академия им. Г. В. Плеханова
|2 stltpush
|3 (RuTPU)RU\TPU\col\18
|
| 801 |
|
0 |
|a RU
|b 63413507
|c 20011209
|g PSBO
|
| 801 |
|
2 |
|a RU
|b 63413507
|c 20220425
|g PSBO
|
| 942 |
|
|
|c BK
|